000
00281nam a2200109Ia 4500
008
230907s9999||||xx |||||||||||||| ||und||
082
_a
519.40285
_b
FAU
245
0
_a
Applied numerical analysis using MATLAB /
260
_a
Pearson,
_b
Noida :
_c
2009
300
_a
697 p.
942
_c
BK
999
_c
600224
_d
600224